El cambio del poder

محفوظ في:
التفاصيل البيبلوغرافية
المؤلف الرئيسي: Toffler, Alvin (مؤلف)
التنسيق: كتاب
اللغة:الإسبانية
منشور في: Barcelona Plaza & Janes 1995
الطبعة:3a. ed
سلاسل:Biblioteca de Alvin Toffler
Tribuna, 106-4
الموضوعات:
الوسوم: إضافة وسم
لا توجد وسوم, كن أول من يضع وسما على هذه التسجيلة!

MARC

LEADER 00000nam a2200000 a 4500
001 UCZ1556
003 CL-VaPUC
008 950824e19950100SP |||||||||||||||||spa|d
082 0 4 |a 303.4  |b TOF  |2 21 
100 0 |a Toffler, Alvin  |e author  |9 345124 
245 1 3 |a El cambio del poder 
250 |a 3a. ed 
300 |a 616 51 p 
942 |c BK 
945 |d 19950824 00:00:00  |a rbrito 
260 |a Barcelona  |b Plaza & Janes  |c 1995 
650 0 |a Cambio social   |9 256857 
650 0 |a Civilización moderna   |9 265455 
650 0 |a Desarrollo social  |9 264534 
583 |a last modification  |c 20180328 10:20:12  |k Rodrigo Vera 
490 0 |a Biblioteca de Alvin Toffler 
490 0 |a Tribuna, 106-4 
999 |c 238292  |d 238290 
952 |0 0  |1 0  |4 0  |6 303_400000000000000_TOF_1995  |7 0  |8 A  |9 248353  |a BIBMEC  |b BIBMEC  |d 2019-11-18  |i 3126706  |o 303.4 TOF 1995  |p 3126706  |r 2024-01-19  |w 2019-11-18  |y BK  |k MEC 
952 |0 0  |1 0  |4 0  |6 303_400000000000000_TOF_1995  |7 0  |8 A  |9 248354  |a BIBCUR  |b BIBCUR  |d 2019-11-18  |i 3408671  |o 303.4 TOF 1995  |p 3408671  |r 2025-04-22  |w 2019-11-18  |y BK  |k PER 
952 |0 0  |1 0  |4 0  |6 303_400000000000000_TOF_1995  |7 0  |8 A  |9 248355  |a BIBING  |b BIBING  |d 2019-11-18  |i 3504085  |o 303.4 TOF 1995  |p 3504085  |r 2025-01-20  |w 2019-11-18  |y BK  |k CCI 
952 |0 0  |1 0  |4 0  |6 303_400000000000000_TOF_1995  |7 0  |8 A  |9 248356  |a BIBING  |b BIBING  |d 2019-11-18  |i 3504093  |o 303.4 TOF 1995  |p 3504093  |r 2025-01-20  |w 2019-11-18  |y BK  |k CCI 
952 |0 0  |1 0  |4 0  |6 303_400000000000000_TOF_1995  |7 0  |8 A  |9 248357  |a BIBING  |b BIBING  |d 2019-11-18  |i 3504107  |o 303.4 TOF 1995  |p 3504107  |r 2025-01-20  |w 2019-11-18  |y BK  |k CCI